Electrónica digital / (Record no. 47696)

MARC details
000 -LEADER
campo de control de longitud fija 00656nam a2200229 i 4500
001 - NÚMERO DE CONTROL
campo de control 47696
003 - IDENTIFICADOR DE NÚMERO DE CONTROL
campo de control ES-MaACL
005 - FECHA Y HORA DE LA ÚLTIMA TRANSACCIÓN
campo de control 20230906161619.0
007 - CAMPO FIJO DE DESCRIPCIÓN FÍSICA--INFORMACIÓN GENERAL
campo de control de longitud fija t|
008 - DATOS DE LONGITUD FIJA--INFORMACIÓN GENERAL
campo de control de longitud fija 030519s2001 sp ||||0| spa j
020 ## - NÚMERO INTERNACIONAL ESTÁNDAR DEL LIBRO
Número Internacional Estándar del Libro 84-88667-73-6
040 ## - FUENTE DE CATALOGACIÓN
Centro catalogador/agencia de origen M-BN
Lengua de catalogación spa
Centro/agencia transcriptor M-BN
080 ## - NÚMERO DE LA CLASIFICACIÓN DECIMAL UNIVERSAL
Número de la Clasificación Decimal Universal 621.38.037.37(075.8)
245 00 - MENCIÓN DEL TÍTULO
Título Electrónica digital /
Mención de responsabilidad, etc. J. Mira Mira ... [et al.].
250 ## - MENCION DE EDICION
Mención de edición 2ª ed, 1ª reimp.
260 ## - PUBLICACIÓN, DISTRIBUCIÓN, ETC.
Lugar de publicación, distribución, etc. Madrid :
Nombre del editor, distribuidor, etc. Sanz y Torres,
Fecha de publicación, distribución, etc. 2001.
300 ## - DESCRIPCIÓN FÍSICA
Extensión XII, 734 p ;
Dimensiones 24 cm.
504 ## - NOTA DE BIBLIOGRAFÍA, ETC.
Nota de bibliografía, etc. Bibliografía.
650 04 - PUNTO DE ACCESO ADICIONAL DE MATERIA--TÉRMINO DE MATERIA
Término de materia o nombre geográfico como elemento de entrada Electrónica digital.
9 (RLIN) 12167
700 1# - ENTRADA AGREGADA--NOMBRE PERSONAL
Nombre de persona Mira, J. (
Forma completa/desarrollada del nombre José Mira Mira)
9 (RLIN) 81445
852 ## - LOCALIZACIÓN
Ubicación ES-MaACL
Número de control de estantería L-26343
Sublocalización o colección R.132138
Holdings
Estatus retirado Estado de pérdida Estado de daño No para préstamo Biblioteca de origen Biblioteca actual Ubicación en estantería Fecha de adquisición Fuente de adquisición Total de préstamos Signatura topográfica completa Código de barras Visto por última vez Precio de reemplazo Tipo de ítem Koha
        Biblioteca del Ateneo de Madrid Biblioteca del Ateneo de Madrid Depósito 2 17/01/2008     L-26343 1050187 23/02/2023 23/02/2023 Libro impreso